LEADER 02511nam a2200313 4500 001 000000355189 003 CaOOAMICUS 005 20241115144115.0 008 230830s1610 it a 000 u lat r 040 $aSeMil$bita 041 1 $alat$aita 100 11$aBonino, Cesare.$0(OLS)http://semarc/name/72312 245 10$aNonnulla praeclara gesta b. Caroli Borro S.R.E. car. tit. S. Praxedis archiepis. Mediolani per r.p. Caesarem Boninum relig.is cleric. reg. ministrantium infermis a diuersis auctoribus selecta ... Adiunctis postremo miraculis pro canonizatione approbatis. Albertus Ronchus incidit. 264 1$c[Mediolani], 1610. 300 $a[4], A-F, [1], 36, [3], 17 carte di tav. :$bill. ;$c4° 500 $aDidascalie in latino e italiano 500 $aTesto inciso 500 $aSul front. forme contratte 500 $aFront. in cornice architettonica coi simboli di Milano: in basso un dromedario e un liocorno, sormontati dalle quattro virtù cardinali e da angeli che suonano la tromba con una mano e con l'altra tengono una corona d'alloro; al centro la croce 505 0 $aContiene: Lettera dedicatoria dell'A. al Provisionis Vicario e ad altri consiglieri generali di Milano datato Mediolani noni iulii 1610; dedica dell'A. al lettore; epitaffio in latino di p. Gaspard sulla tomba di S. Carlo Borromeo; poema latino dello stesso arcivescovo di Milano; poema latino del p. Johannes Lucas Landech sulla città di Milano; altro poema latino dello stesso alla famiglia Borromeo. 510 4 $aPiantanida, Autori italiani del '600:$cn. 4345 650 4$aBorromeo, Carlo - Miracoli.$0(OLS)http://semarc/subject/42662 700 1 $aRocco, Alberto,$c.$0(OLS)http://semarc/name/118173 850 $aSeMil 852 $aSeMil$W1$xVenegono$y1$m3XE IV 7 FA$j243277$B246469$CSeMilBibl$Z2$F246469 $8I 961 $aCoperta staccata ma presente. -- La parte inferiore destra del front. mancante della figura rabboccata con foglio probabilmente coevo. -- Tarlature di varie dimensioni su alcune carte di tav. 996 $6245$aNonnulla praeclara gesta b. Caroli Borro S.R.E. car. tit. S. Praxedis archiepis. Mediolani per r.p. Caesarem Boninum relig.is cleric. reg. ministrantium infermis a diuersis auctoribus selecta ... Adiunctis postremo miraculis pro canonizatione approbatis. Albertus Ronchus incidit$9(OLS)http://semarc/title/247466 996 $6264$a[S.l.] :$b[s.n.]$9(OLS)http://semarc/publisher/0 LEADER 02209nam a2200361 i 4500 001 000000030648 003 CaOOAMICUS 005 20240209141945.0 008 180830s1733 fr d u000 u fre u 040 $aSeMil$bita 100 1 $aDu Cange, Charles,$d<1610-1688>.$0(OLS)http://semarc/name/752 245 10$aGlossarium ad scriptores mediae et infimae latinitatis, auctore Carolo Dufresne ... Tomus 1. [-6.]. 250 $aEditio nova locupletior et auctior, opera & studio monachorum ordinis S. Benedicti. 260 $aParisiis :$bSub Oliva Caroli Osmont, via San-Jacobaea,$c1733-1736. 300 $a6 v. ;$cfol. 500 $aFrontalini, iniz. calcogr. 500 $aDom Nicolas Toustain, incaricato di curare questa ed. con Dom Louis Le Pelletier, terminerà i primi 2 vol. contenenti le lettere A B C e lascerà delle note per i vol. successivi ai succesori, Dom Maur Dantine et Dom Pierre Carpentier, che cureranno l'ed. dell'intera opera (vedi BNF, Dom P. Denis, "Les Bénédictins de la Congrégation de Saint-Maur" [Bulletin de la Société historique et archéologique de l'Orne, t. 30, 1911]) 500 $aFront. stampati in rosso e nero, con marca (Minerva tende il braccio sx verso un olivo e tiene con la dx lo scudo. Cartiglio con motto: Olea Minervae) 500 $aTesto su due colonne 500 $aPartizioni alfabetiche dall'occhietto. dei singoli vol. 650 4$aAutori latini - Enciclopedie e dizionari.$0(OLS)http://semarc/subject/4901 700 1 $aCarpentier, Pierre,$d<1697-1767>.$0(OLS)http://semarc/name/14116 700 1 $aDantine, Maur,$d<1688-1746>.$0(OLS)http://semarc/name/14117 700 1 $aOsmont, Charles $b<3.,$cEditore,$d1715-1748>.$0(OLS)http://semarc/name/14118 774 0 $tA-C.$g1$w()202033 774 0 $tC-D.$g2$w()234085 774 0 $tE-K.$g3$w()234086 774 0 $tL-O.$g4$w()234087 774 0 $tP-R.$g5$w()234089 774 0 $tS-Z.$g6$w()234093 996 $6245$aGlossarium ad scriptores mediae et infimae latinitatis, auctore Carolo Dufresne ... Tomus 1. [-6.]$9(OLS)http://semarc/title/41731 996 $6260$aParisiis :$bSub Oliva Caroli Osmont, via San-Jacobaea$9(OLS)http://semarc/publisher/38611